Giáo trình vật liệu từ

Bewaard in:
Bibliografische gegevens
Hoofdauteur: Lưu, Tuấn Tài
Formaat: Boek
Taal:Undetermined
Gepubliceerd in: H. Đại học Quốc gia Hà Nội 2008
Onderwerpen:
Online toegang:http://lrc.tdmu.edu.vn/opac/search/detail.asp?aID=2&ID=4074
Tags: Voeg label toe
Geen labels, Wees de eerste die dit record labelt!
Thư viện lưu trữ: Trung tâm Học liệu Trường Đại học Thủ Dầu Một
LEADER 00598nam a2200193Ia 4500
001 TDMU_4074
008 210410s9999 xx 000 0 und d
082 |a 538 
090 |b L9789 
100 |a Lưu, Tuấn Tài 
245 0 |a Giáo trình vật liệu từ 
245 0 |c Lưu Tuấn Tài 
260 |a H. 
260 |b Đại học Quốc gia Hà Nội 
260 |c 2008 
300 |a 375tr. 
650 |a Vật liệu từ 
856 |u http://lrc.tdmu.edu.vn/opac/search/detail.asp?aID=2&ID=4074 
980 |a Trung tâm Học liệu Trường Đại học Thủ Dầu Một